coparing of ability of seed producing and growth between red tilapia and nile tilapia, ប្រៀបធៀបសមត្ថភាពផលិតកូននិងការលូតលាស់រវាងត្រីទីទាព្យាក្រហមនិងត្រីទីឡាព្យាឆ្នូត (Record no. 1358)
[ view plain ]
| 000 -LEADER | |
|---|---|
| fixed length control field | 00639nam a22001457a 4500 |
| 003 - CONTROL NUMBER IDENTIFIER | |
| control field | OSt |
| 005 - DATE AND TIME OF LATEST TRANSACTION | |
| control field | 20150927160919.0 |
| 008 - FIXED-LENGTH DATA ELEMENTS--GENERAL INFORMATION | |
| fixed length control field | 150927b xxu||||| |||| 00| 0 eng d |
| 040 ## - CATALOGING SOURCE | |
| Transcribing agency | RUA |
| 082 ## - DEWEY DECIMAL CLASSIFICATION NUMBER | |
| Classification number | AGR CHO B008 1999 Or.1 |
| 100 ## - MAIN ENTRY--PERSONAL NAME | |
| 9 (RLIN) | 1446 |
| Personal name | CHOUN, PHEA. |
| 245 ## - TITLE STATEMENT | |
| Title | coparing of ability of seed producing and growth between red tilapia and nile tilapia, ប្រៀបធៀបសមត្ថភាពផលិតកូននិងការលូតលាស់រវាងត្រីទីទាព្យាក្រហមនិងត្រីទីឡាព្យាឆ្នូត |
| 300 ## - PHYSICAL DESCRIPTION | |
| Extent | 64p. |
| Other physical details | ill. |
| Dimensions | 29cm. |
| 942 ## - ADDED ENTRY ELEMENTS (KOHA) | |
| Source of classification or shelving scheme | |
| Koha item type | AGR |
| Price effective from | Date last seen | Permanent Location | Not for loan | Date acquired | Source of classification or shelving scheme | Koha item type | Lost status | Withdrawn status | Date last checked out | Total Checkouts | Shelving location | Damaged status | Barcode | Current Location | Full call number |
|---|---|---|---|---|---|---|---|---|---|---|---|---|---|---|---|
| 2015-09-27 | 2015-09-27 | Library Block B | 2015-09-27 | AGR | B008 | RUA004962 | Library Block B | AGR CHO B008 1999 Or.1 | |||||||
| 2015-10-03 | 2018-07-27 | Library Block B | 2015-10-03 | AGR | 2018-05-11 | 1 | RUA018504 | Library Block B | AGR CHO B008 1999 Or.2 |